UEFA U21 European Championship Host Cities 1994-2025 - Statistics

General Stats
  • This quiz has been taken 18 times
  • The average score is 24 of 73
Answer Stats
Edition City % Correct
Czech Republic 2015 Prague
94%
Hungary & Slovenia 2021 Budapest
82%
Sweden 2009 Malmo
82%
Israel 2013 Tel Aviv
82%
Slovakia 2000 Bratislava
76%
Slovakia 2025 Bratislava
76%
Romania 1998 Bucharest
76%
Romania & Georgia 2023 Bucharest
76%
Switzerland 2002 Geneva
76%
Israel 2013 Jerusalem
76%
Portugal 2006 Porto
76%
Hungary & Slovenia 2021 Ljubljana
71%
Switzerland 2002 Zurich
71%
Spain 1996 Barcelona
65%
Sweden 2009 Gothenburg
65%
Romania & Georgia 2023 Tbilisi
65%
Switzerland 2002 Basel
59%
Slovakia 2025 Kosice
59%
Denmark 2011 Aarhus
53%
Romania & Georgia 2023 Cluj-Napoca
53%
Poland 2017 Krakow
53%
Denmark 2011 Aalborg
47%
Portugal 2006 Braga
47%
Switzerland 2002 Lausanne
47%
Italy & San Marino 2019 Bologna
41%
Netherlands 2007 Groningen
41%
Hungary & Slovenia 2021 Maribor
41%
Romania & Georgia 2023 Batumi
35%
Portugal 2006 Guimaraes
29%
Poland 2017 Lublin
29%
Netherlands 2007 Nijmegen
29%
Italy & San Marino 2019 Serravalle
29%
Germany 2004 Bochum
24%
Hungary & Slovenia 2021 Gyor
24%
Hungary & Slovenia 2021 Koper
24%
Slovakia 2025 Zilina
24%
Netherlands 2007 Arnhem
18%
Portugal 2006 Aveiro
18%
Poland 2017 Bydgoszcz
18%
Hungary & Slovenia 2021 Celje
18%
Sweden 2009 Helsingborg
18%
Germany 2004 Mainz
18%
Slovakia 2025 Nitra
18%
Germany 2004 Oberhausen
18%
Italy & San Marino 2019 Trieste
18%
Slovakia 2000 Trnava
18%
Slovakia 2025 Trnava
18%
Italy & San Marino 2019 Udine
18%
Portugal 2006 Barcelos
12%
Slovakia 2025 Dunajska Streda
12%
Poland 2017 Gdynia
12%
Netherlands 2007 Heerenveen
12%
Denmark 2011 Herning
12%
Romania & Georgia 2023 Kutaisi
12%
Germany 2004 Mannheim
12%
1994 France Montpellier
12%
Israel 2013 Netanya
12%
Hungary & Slovenia 2021 Szekesfehervar
12%
Denmark 2011 Viborg
12%
Portugal 2006 Agueda
6%
Italy & San Marino 2019 Cesena
6%
Sweden 2009 Halmstad
6%
Poland 2017 Kielce
6%
1994 France Nimes
6%
Czech Republic 2015 Olomouc
6%
Israel 2013 Petah Tikva
6%
Slovakia 2025 Presov
6%
Italy & San Marino 2019 Reggio Emilia
6%
Hungary & Slovenia 2021 Szombathely
6%
Slovakia 2000 Trencin
6%
Slovakia 2025 Trencin
6%
Poland 2017 Tychy
6%
Czech Republic 2015 Uherske Hradiste
6%
No matching quizzes found
Score Distribution
Percent of People with Each Score
Percentile by Number Answered
Your Score History
You have not taken this quiz